MDQL
is popping MORE tags! Check the
thread
!
Quizzes
Events
Quiz Creation
Community
Videos
Private Events
Remove Ads
Sign In
Join for FREE
Feedback
Dark Mode
Quiz Categories
Sports
Geography
Music
Movies
Television
Just For Fun
Miscellaneous
History
Literature
Language
Science
Gaming
Entertainment
Religion
Holiday
For Kids
Quiz Lab
Recent
Popular Today
Quiz Kudos Today
Editor Picks
Curator Picks
Quizzes by...
Day
Popularity
Type
Ratings
Length
Year
Community
Subscriptions
Recent Discussions
Orange Saloon
Badges
Playlists
Quests
Create
Leaderboards
Showdown
Live 5
Trivia Bingo
Activity
Puzzle Library
Sporcle Events
Private Events
Virtual Trivia
Globe League
Become a Host
Pub Owners
SporcleCon
Opinionation
Our Games
Videos
Blog
Mobile Apps
Partnerships
Remove Ads and Go Orange
Feedback
Sports
Athletes
MLB
NBA
NHL
NFL
Soccer
Sports Teams
WWE
NCAA
Football
Premier League
Basketball
Baseball
Hockey
Golf
Tennis
Cricket
Rugby
Auto Racing
Olympics
World Cup
Sports
Athletes
MLB
NBA
NHL
NFL
Soccer
Sports Teams
WWE
NCAA
Football
Premier League
Basketball
Baseball
Hockey
Golf
Tennis
Cricket
Rugby
Auto Racing
Olympics
World Cup
Random Quiz
Search Sporcle
×
Quiz Lab
Quiz Lab
Sports
Wolverhampton Wanderers
Click on answers out of a set of options
Click on answers out of a set of options
Multiple Choice
Best Score? Go Orange.
Wolves under-23s Stats
Can you name these Wolves under-23 players?
By
WolvesTrivia
3m
16 Questions
517 Plays
517 Plays
517 Plays
Comments
Comments
Give Quiz Kudos
Give Quiz Kudos
-
- Ratings
hide this ad
Random Order
Randomize order of answers
Randomize order of answers
Replay
Link that replays current quiz
Next Quiz
Link to next quiz in quiz playlist
You Got
0%
They Got
Avg Score
68%
Avg Friend Score
Upgrade to see
Score Distribution
Jump to the score distribution portion of the page
Score
0/16
Timer
03:00
0
Plays Today
Question
Answer
Wrong Answers
Andreas Sondergaard
90.3%
Oskar Buur
1.7%
Carlos Heredia
3.3%
Cameron John
2.7%
Niall Ennis
84.1%
Cameron John
4.6%
Austin Samuels
7.9%
Enzo Sauvage
2.3%
Elliot Watt
82.8%
Ryan Giles
10.1%
Niall Ennis
1.4%
Dion Sanderson
3.7%
Pedro Goncalves
76.6%
Carlos Heredia
10.8%
Alex Molberg
5%
Enzo Sauvage
4.6%
John Kitolano
76%
Joao Dias
4.3%
Austin Samuels
12%
Alex Molberg
3.9%
Oskar Buur
75.8%
Ryan Giles
9.5%
Alex Molberg
6.6%
Elliot Watt
7.9%
Ryan Giles
74.3%
Oskar Buur
1.4%
Pedro Goncalves
9.9%
Elliot Watt
13%
Dion Sanderson
71.6%
Paulo Alves
4.8%
Sadou Diallo
21.1%
Ryan Giles
2.5%
Enzo Sauvage
70.6%
Sadou Diallo
4.1%
Andreas Sondergaard
4.6%
Elliot Watt
19.1%
Cameron John
67.3%
John Kitolano
20.3%
Austin Samuels
7%
Dion Sanderson
2.5%
Austin Samuels
64.8%
Niall Ennis
2.9%
Cameron John
28.6%
Andreas Sondergaard
1.9%
Sadou Diallo
63.2%
John Kitolano
16.8%
Austin Samuels
15.7%
Dion Sanderson
3.7%
Carlos Heredia
56.9%
Paulo Alves
16.6%
Pedro Goncalves
22.4%
Elliot Watt
1.7%
Paulo Alves
52.4%
Joao Dias
14.1%
Pedro Goncalves
12.2%
Carlos Heredia
18.2%
Alex Molberg
47.8%
Paulo Alves
32.5%
Joao Dias
8.7%
Enzo Sauvage
8.3%
Joao Dias
36.6%
Pedro Goncalves
25.5%
Andreas Sondergaard
10.1%
Enzo Sauvage
26.7%
Quiz Playlist
Details
Report
Send in Message
Add To Playlist
Multiple Choice:
Click on answers out of a set of options
Random Order:
Randomize order of answers
Last Updated: Apr 9, 2019
Quiz Scoreboard
CHALLENGE
Sign Up to Join the Scoreboard
Show All
Scores
Hide
Comments
May contain spoilers
Recently Published
Holiday 10x10 Sorting Gallery
by lukepisani3
Holiday
15m
Two Season TV Shows II
by 123Four
Television
10m
Image Sorting: Flags VI
by Barbecue
Geography
2m
More to Explore
Quiz From the Vault
Featured Blog Post
14 Easter Pick-up Lines to Find Eggs With
hide this ad
You Might Also Like...
Tags
Wolverhampton Wanderers
Today's Top Quizzes in Sports
Browse Sports
hide this ad
Top Contributed Quizzes in Sports
1
Les meilleurs buteurs des matchs entre le PSG et l’OM
2
Les entraîneurs de l'OM et du PSG au 21e siècle
3
2022 World Cup Stars
4
Players with Multiple 50 Home Run Seasons
5
Les joueurs passés par le PSG et l'OM
6
FIFA Club World Cup Champions
7
Top 10 NHL Goal Scorers of All Time
8
Criteria MLB: Left Handed Sluggers
9
Les joueurs passés par le LOSC et le RC Lens
10
2023 MLB Unique Player Accomplishments
Explore More
Trending Topics
Harry Potter
Marvel
Kpop
Anime
NBA
Crossword
Disney
Soccer
Country
Pokémon
NFL
WWE
The Office
Puzzle
Song
hide this ad
More By:
WolvesTrivia
Quiz
Plays
Rating
Category
Featured
Created
Wolves Internationals
1,712
1.00
Sports
Oct 16, 2018
Goal of the day: Craddock vs Bradford City (2007)
229
Sports
May 11, 2020
Go to Creator's Profile
Score Distribution
Quiz Creator Spotlight
WolvesTrivia
Follow
Send a Message
Quizzes Created
-
Created Quiz Play Count
-
More By This Creator
Popular Quizzes Today
1
Find the US States - No Outlines Minefield
2
Colored Red Africa Blitz
3
Find the 'City' Movie
4
The Countries of the World
5
Find the US States
6
5x2 Blitz: Bands
7
Find the Countries of Europe - No Outlines Minefield
8
US States
More Sports Quizzes
WWE Championship at Backlash
Quiz Lab
Trending Quizzes
Colored Red Europe Blitz I
Colored Red Europe Blitz II
Colored Red Africa Blitz II
Colored Red Africa Blitz III
Colored Red Europe Blitz III
Recently Updated
Odd Team Out - Big 4 Players
pecheneg
Quick Pick: 20 Twenties
pecheneg
March Madness Men's Triple Doubles
pecheneg
How Do You Spell That?
pecheneg
Godzilla Movies
pecheneg
Grab Bag: 4-10 Letters
pecheneg
2024 March Madness Bracket
pecheneg
Famous TV Couples
Peacemaker
Champions League XIs: Real Madrid
pecheneg
Largest US Cities 1790-2010
pecheneg
Trending Topics
Disney
Marvel
Harry Potter
Crossword
NBA
Kpop
Anime
Soccer
The Office
Country
WWE
Song
NFL
Puzzle
Pokémon
Your Account Isn't Verified!
In order to create a playlist on Sporcle, you need to verify the email address you used during registration. Go to your
Sporcle Settings
to finish the process.
Report this User
Report this user for behavior that violates our
Community Guidelines
.
Details:
Send Report
Go to the Sporcle.com Mobile Site →
Comments